000 00508ntaaa2200193 4500
003 01
005 20251027200838.0
008 0714s1973 ag 01
040 _aAR-BaBN
_bspa
_cAR-BaBN
_eaacr
_dRIC
082 _a032 W83
100 _aWolf, Leslie
_94916
245 _aThe Modern children's library of knowledge /
_cLeslie Wolf
250 _a1 ed.
260 _aLondon :
_bThe Grolier Society ltd.,
_c19571966
300 _a6 tomos
500 _aenciclopedia para niños
650 _aNiños
942 _cBK
999 _c2547
_d2547